Vista normal Vista MARC

Entrada Topical Term

Número de registros utilizados en: 3

001 - CONTROL NUMBER

  • control field: 61801

003 - CONTROL NUMBER IDENTIFIER

  • control field: OSt

005 - DATE AND TIME OF LATEST TRANSACTION

  • control field: 20250731170651.0

008 - FIXED-LENGTH DATA ELEMENTS

  • fixed length control field: 250731|| aca||aabn | a|a d

040 ## - CATALOGING SOURCE

  • Original cataloging agency: OSt
  • Transcribing agency: OSt

150 ## - HEADING--TOPICAL TERM

  • Topical term or geographic name entry element: Creatinina en la literatura

670 ## - SOURCE DATA FOUND

  • Source citation: Work cat.: (OSt)57847: Delicado, Federico, 1956- aut 61800, ¿Qué te parece? /









Instituto Departamental de Cultura del Meta - Red Departamental de Bibliotecas Públicas del Meta.